INVESTLAND - VIRTUÁLNA SIMULÁCIA EKONOMIKY NA INTERNETE

Bibliographic Details
Main Author: Halák, Peter, 1973- (Author)
Format: Article
Language:Slovak
ISBN:8096881515

MARC

LEADER 00000naa a2200000uu 4500
001 vtls011070923
003 SK-MaSNL
005 20260302134803.0
008 210908|2002 xo |||||||||||||||||slo|
015 |a SNBRA 
035 |a (urnnbn)urn:nbn:sk:snk:ar-a0cahe 
035 |a (uuid)f6c861dc-d677-4e97-bedf-e2062f97ac18 
035 |a urn:nbn:sk:snk-aavgs1 
040 |a SNKBUCL  |b slo  |c SNKBUCL  |e AACR2 
041 0 |a slo 
044 |a xo  |c SK 
100 1 |a Halák, Peter,  |d 1973-  |4 aut  |9 16867 
245 1 0 |a INVESTLAND - VIRTUÁLNA SIMULÁCIA EKONOMIKY NA INTERNETE  |c Peter Halák 
773 0 |t Pytagoras 2002  |d Bratislava : Exam, 2002, 2002  |g S. 14-15  |z 8096881515 
958 |a OND 
958 |a article12 
958 |a chapter 
999 |c 1323989  |d 1325919